Dead joker. #5 / Anne Holt ; Translated from the ... Read More
Available copies
- 1 of 1 copy available at LARL/NWRL Consortium.
- 1 of 1 copy available at Lake Agassiz Regional Library. (Show preferred library)
Current holds
0 current holds with 1 total copy.
Show Only Available Copies
| Location | Call Number / Copy Notes | Barcode | Shelving Location | Status | Due Date |
|---|---|---|---|---|---|
| Moorhead Public Library | HOL (Text) | 33500012394045 | Main | Available | - |
Record details
- ISBN: 9781501123269
- ISBN: 1501123262
- Physical Description: pages cm
- Edition: First Scribner hardcover edition.
- Publisher: New York : Scribner, 2016.
Content descriptions
| Summary, etc.: | "Chief Public Prosecutor Sigurd Halvorsrud's wife ... Read More |
Search for related items by subject
| Subject: | Murder > Investigation > Norway > Fiction. |
| Genre: | Detective and mystery stories. |
Search for related items by series
| LDR | 02570cam a22004218i 4500 | ||
|---|---|---|---|
| 001 | 210840 | ||
| 003 | LARL_NWRL_CONSORTIUM | ||
| 005 | 20160805161734.0 | ||
| 008 | 160425s2016 nyu 000 1 eng | ||
| 020 | . | ‡a9781501123269 | |
| 020 | . | ‡a1501123262 | |
| 020 | . | ‡z9781501123290 (ebook) | |
| 035 | . | ‡a(OCoLC)948748592 | |
| 041 | 1 | . | ‡aeng ‡hnor |
| 042 | . | ‡apcc | |
| 043 | . | ‡ae-no--- | |
| 082 | 0 | 0. | ‡a839.823/8 ‡223 |
| 100 | 1 | . | ‡aHolt, Anne, ‡d1958- ‡eauthor. ‡0(LARL_NWRL_CONSORTIUM)188287 |
| 245 | 1 | 0. | ‡aDead joker. ‡n#5 / ‡cAnne Holt ; Translated from the Norwegian by Anne Bruce. |
| 250 | . | ‡aFirst Scribner hardcover edition. | |
| 264 | 1. | ‡aNew York : ‡bScribner, ‡c2016. | |
| 300 | . | ‡apages cm | |
| 336 | . | ‡atext ‡2rdacontent | |
| 337 | . | ‡aunmediated ‡2rdamedia | |
| 338 | . | ‡avolume ‡2rdacarrier | |
| 490 | 0 | . | ‡aHanne Wilhelmsen ; ‡v5 |
| 520 | . | ‡a"Chief Public Prosecutor Sigurd Halvorsrud's wife is found dead in front of the fireplace in the family living room. The cause of death: she has been brutally decapitated. Her husband, who witnessed the grisly murder and is himself covered in blood, immediately falls under suspicion, though he claims his wife's killer was Ståle Salvesen, a man he'd prosecuted years before. Detective Inspector Hanne Wilhelmsen is called in to lead the investigation with her old colleague, Billy T. Despite the circumstantial evidence, Hanne is unconvinced of Sigurd Halvorsrud's guilt--that is, until a witness says he saw Ståle Salvesen commit suicide by jumping off a bridge days before the murder took place. Then a journalist at one of Oslo's largest newspapers is found beheaded. What links these two horrifically violent crimes? The demanding investigation soon clashes with a terrible crisis in Hanne's personal life. Cecilie, the woman she has lived with for almost twenty years, has fallen seriously ill and doesn't have much time to live. With a savage killer on the loose, Hanne must ask herself: Is the truth worth chasing at all costs?"-- ‡cProvided by publisher | |
| 650 | 0. | ‡aMurder ‡xInvestigation ‡zNorway ‡vFiction. | |
| 655 | 7. | ‡aDetective and mystery stories. ‡2gsafd | |
| 700 | 1 | . | ‡aBruce, Anne, ‡d1952 April 22- ‡etranslator. |
| 776 | 0 | 8. | ‡iOnline version: ‡aHolt, Anne, 1958- author. ‡tDead joker ‡bFirst Scribner hardcover edition. ‡dNew York : Scribner, 2016 ‡z9781501123290 ‡w(DLC) 2016021062 |
| 905 | . | ‡uvanderl | |
| 901 | . | ‡a210840 ‡b ‡c210840 ‡tbiblio ‡soclc | |

Add to basket
Permalink
Disable Highlighting